| Tag |
First Indicator |
Second Indicator |
Subfields |
| LEADER |
00000cam a2200000 a 4500 |
| 001 |
in00001403024 |
| 005 |
20151020053119.0 |
| 008 |
960715s1996 sp a b 000 0 spa d |
| 010 |
|
|
|a 96169366
|
| 020 |
|
|
|a 8492065966
|
| 035 |
|
|
|a (OCoLC)34927434
|
| 035 |
|
|
|9 AHM7072AM
|
| 040 |
|
|
|a SpBaP
|c DLC
|d PL#
|d AZU
|d I5B
|d NYP
|d TXA
|d UtOrBLW
|
| 042 |
|
|
|a lccopycat
|
| 049 |
|
|
|a TXAM
|
| 050 |
0 |
4 |
|a PQ6439
|b .O86 1996
|
| 082 |
0 |
0 |
|a 862/.3
|2 21
|
| 100 |
1 |
|
|a Vega, Lope de,
|d 1562-1635.
|
| 245 |
1 |
3 |
|a El otomano famoso, o, La famosa comedia otomana /
|c Lope de Vega ; edición de Lola Beccaria ; prólogo de Rafael Lapesa.
|
| 246 |
3 |
0 |
|a Otomano famoso
|
| 246 |
3 |
0 |
|a Famosa comedia otomana
|
| 250 |
|
|
|a 1. ed.
|
| 264 |
|
1 |
|a Barcelona :
|b Ediciones Áltera,
|c 1996.
|
| 300 |
|
|
|a 231 pages :
|b illustrations ;
|c 21 cm.
|
| 336 |
|
|
|a text
|b txt
|2 rdacontent
|
| 337 |
|
|
|a unmediated
|b n
|2 rdamedia
|
| 338 |
|
|
|a volume
|b nc
|2 rdacarrier
|
| 504 |
|
|
|a Includes bibliographical references (pages 63-66).
|
| 650 |
|
0 |
|a Spanish drama (Comedy)
|y 17th century.
|
| 650 |
|
0 |
|a Spanish literature
|x History
|y 17th century.
|
| 653 |
|
|
|a Literatura española
|a Siglo XVII.
|
| 700 |
1 |
|
|a Beccaria, Lola,
|d 1963-
|
| 948 |
|
|
|a c:jlg
|
| 999 |
|
|
|a MARS
|
| 999 |
f |
f |
|s 0cdaf73b-30d4-3faf-86ae-30a258cdd81e
|i 756d4071-4c69-3890-857a-4b3fce102bec
|t 0
|
| 952 |
f |
f |
|p ric
|a Texas A&M University
|b Rellis Campus
|c Joint Library Facility
|d Remote Storage
|t 0
|e PQ6439 .O86 1996
|h Library of Congress classification
|i unmediated -- volume
|m A14822539218
|
| 998 |
f |
f |
|a PQ6439 .O86 1996
|t 0
|l Remote Storage
|